000 00557cam a22002291 4500
001 sa 66000385
003 DLC
005 20260227112214.0
008 890726s1965 ii b 000 0 hino
010 _asa 66000385
035 _a(OCoLC)20074608
040 _aDLC
_cWaU
_dDLC
042 _apremarc
050 0 0 _aPN519.H5
_bS53
100 1 _aSharma, Rajnath,
_d1922-
245 1 0 _aSāhityika nibandha.
260 _c[1965]
300 _a3, 3, 816 p.
_c23 cm.
500 _aIn Hindi.
504 _aBibliographical footnotes.
650 0 _aLiterature.
999 _c67215
_d67215